000 00454nam a2200157Ia 4500
008 230917s9999||||xx |||||||||||||| ||und||
040 _e179548
_aMAIN
041 _aEnglish
082 _a658.15 K959F(13)
100 _aKulkarni, P V
245 0 _aFinancial management: A conceptual approach with problems, cases and review questions
250 _a13th ed.
260 _aNew Delhi
_bHimalaya Publishing House
_c2009
300 _a862 p.
942 _cBK
999 _c151168
_d151168